000 00685nam a2200229Ia 4500
003 OSt
005 20230317101642.0
008 210423s2006 xx 000 0 und d
020 _a761994726
040 _cAL
041 _aeng
082 _a302.20954
_223
_bSINA
100 _aSINGHAL (Arvind);ROGERS (Everett M)
_976033
245 _aIndias communication revolution: from bullock carts to cyber marts
260 _aNew Delhi
_bSage Publications
_c2006
300 _a297
_bPB
365 _b395
_cINR
650 _aSocial Interaction
_976034
650 _aSociology
_976035
906 _abullock ; carts ; communication ; cyber ; Indias ; marts ; revolution:
942 _2ddc
_cBK
999 _c155576
_d155576